<?xml version="1.0" encoding="UTF-8"?>
<collection xmlns="http://www.loc.gov/MARC21/slim">
 <record>
  <leader>03270nam a22003131a 4500</leader>
  <controlfield tag="001">1/27862</controlfield>
  <controlfield tag="008">      s2001    lu     f      00010 gre d</controlfield>
  <datafield tag="022" ind1="0" ind2=" ">
   <subfield code="a">0254-1483</subfield>
  </datafield>
  <datafield tag="022" ind1="0" ind2=" ">
   <subfield code="a">0254-1475</subfield>
  </datafield>
  <datafield tag="028" ind1="3" ind2="1">
   <subfield code="a">2001/0139 (COD)</subfield>
  </datafield>
  <datafield tag="028" ind1="3" ind2="1">
   <subfield code="a">KT-CO-01-399-EN-C (2ος τ.)</subfield>
  </datafield>
  <datafield tag="028" ind1="3" ind2="1">
   <subfield code="a">KT-CO-01-399-GR-C (2ος τ.)</subfield>
  </datafield>
  <datafield tag="028" ind1="3" ind2="1">
   <subfield code="a">KT-CO-01-368-EN-C (1ος τ.)</subfield>
  </datafield>
  <datafield tag="028" ind1="3" ind2="1">
   <subfield code="a">KT-CO-01-368-GR-C (1ος τ.)</subfield>
  </datafield>
  <datafield tag="035" ind1=" " ind2=" ">
   <subfield code="l">29726</subfield>
  </datafield>
  <datafield tag="040" ind1=" " ind2=" ">
   <subfield code="a">GR-PeUP</subfield>
  </datafield>
  <datafield tag="084" ind1="-" ind2="-">
   <subfield code="2">KET</subfield>
   <subfield code="a">COM (2001) 337 τελικό</subfield>
  </datafield>
  <datafield tag="110" ind1="2" ind2=" ">
   <subfield code="a">Επιτροπή των Ευρωπαϊκών Κοινοτήτων.</subfield>
  </datafield>
  <datafield tag="245" ind1="1" ind2="0">
   <subfield code="a">Έκθεση της Επιτροπής στο Συμβούλιο και το Ευρωπαϊκό Κοινοβούλιο σχετικά με τη πείρα που συγκεντρώθηκε κατά την εφαρμογή της απόφασης του Συμβουλίου 97/872 της 16ης Δεκεμβρίου 1997 όσον αφορά κοινοτικό πρόγραμμα δράσης για την υποστήριξη των μη κυβερνητικών οργανισμών οπυ αναπτύσσουν δραστηριότητα κυρίως στον τομέα της προστασίας περιβάλλοντος (τίτλος 1ου τ.)</subfield>
   <subfield code="c">Επιτροπή των Ευρωπαϊκών Κοινοτήτων</subfield>
  </datafield>
  <datafield tag="246" ind1="1" ind2="0">
   <subfield code="a">Πρόταση για απόφαση του Ευρωπαϊκού Κοινοβουλίου και του Συμβουλίου σχετικά με τη θέσπιση κοινοτικού προγράμματος δράσης για την προαγωγή μη κυβερνητικών οργανισμών που αναπτύσσουν πρωτίστως δραστηριότητες στον τομέα της περιβαλλοντικής προστασίας:</subfield>
   <subfield code="b">υποβληθείσα από την Επιτροπή (τίτλος 2ου τ.)</subfield>
  </datafield>
  <datafield tag="246" ind1="1" ind2="0">
   <subfield code="a">Proposal for a Decision of the European Parliament and of the Council laying down a Community Action programme promoting non-governmental organisations primarily active in the field of environmental protection:</subfield>
   <subfield code="b">presented by the Commission (τίτλος 2ου τ.)</subfield>
  </datafield>
  <datafield tag="246" ind1="1" ind2="0">
   <subfield code="a">Report from the Commission to the the Council and the European Parliament on the experience gained in the application of Council decision 97/872 of 16 December 1997, on the Action programme promoting non-governmental organisations primarily active in the field of environmental protection (τίτλος 1ου τ.)</subfield>
  </datafield>
  <datafield tag="260" ind1="0" ind2=" ">
   <subfield code="a">Βρυξέλλες, Λουξεμβούργο:</subfield>
   <subfield code="b">Υπηρεσία Επισήμων Εκδόσεων των Ευρωπαϊκών Κοινοτήτων,</subfield>
   <subfield code="c">22.6.2001</subfield>
  </datafield>
  <datafield tag="300" ind1=" " ind2=" ">
   <subfield code="a">2 τ.</subfield>
  </datafield>
  <datafield tag="500" ind1=" " ind2=" ">
   <subfield code="a">Δίγλωσσο</subfield>
  </datafield>
  <datafield tag="852" ind1=" " ind2=" ">
   <subfield code="a">INST</subfield>
   <subfield code="b">UNIPILB</subfield>
   <subfield code="c">KET</subfield>
   <subfield code="e">20050902</subfield>
   <subfield code="h">COM (2001) 337 τελικό</subfield>
   <subfield code="p">COM (2001) 337a</subfield>
   <subfield code="q">COM (2001) 337a</subfield>
   <subfield code="t">NOLOAN</subfield>
   <subfield code="y">23</subfield>
   <subfield code="4">1</subfield>
  </datafield>
  <datafield tag="852" ind1=" " ind2=" ">
   <subfield code="a">INST</subfield>
   <subfield code="b">UNIPILB</subfield>
   <subfield code="c">KET</subfield>
   <subfield code="e">20050902</subfield>
   <subfield code="h">COM (2001) 337 τελικό</subfield>
   <subfield code="p">COM (2001) 337b</subfield>
   <subfield code="q">COM (2001) 337b</subfield>
   <subfield code="t">NOLOAN</subfield>
   <subfield code="y">23</subfield>
   <subfield code="4">1</subfield>
  </datafield>
  <datafield tag="856" ind1="4" ind2="1">
   <subfield code="u">http://eur-lex.europa.eu/LexUriServ/LexUriServ.do?uri=COM:2001:0337:FIN:EL:PDF</subfield>
  </datafield>
  <datafield tag="856" ind1="4" ind2="1">
   <subfield code="u">http://eur-lex.europa.eu/LexUriServ/LexUriServ.do?uri=COM:2001:0337:FIN:EN:PDF</subfield>
  </datafield>
 </record>
</collection>
